| 000 | 00552cam a22001691 4500 | ||
|---|---|---|---|
| 082 |
_a940.40943 _bNIC |
||
| 100 | 1 |
_aNicolai, W. _949424 |
|
| 245 | 1 | 4 |
_aThe German Secret Service, _cby W. Nicolai. Translated, with an additional chapter, by George Renwick. |
| 260 |
_aLondon, _bS. Paul _c[1924] |
||
| 300 |
_a298 p. _c23 cm. |
||
| 526 |
_a0 _b0 _c0 _d940_409430000000000_NIC |
||
| 650 | 0 |
_aMCE _9379 |
|
| 650 | 0 |
_aSpies. _949425 |
|
| 650 | 0 |
_aWorld War, 1914-1918 _xSecret service _zGermany. _949369 |
|
| 700 | 1 |
_aRenwick, George, _949426 |
|
| 942 |
_2ddc _cBK |
||
| 999 |
_c552208 _d552208 |
||